[Event "ODJM A 2017"]
[Site "Willingen GER"]
[Date "2017.06.05"]
[Round "3"]
[White "Graf, Maria"]
[Black "Svane, Freja"]
[Result "0-1"]
[Termination "normal"]
[Board "78"]
[WhiteElo "1546"]
[BlackElo "1446"]
[PlyCount "70"]
[WhiteFideId "12917702"]
[BlackFideId "12940100"]
[EventCountry "GER"]
[EventRounds "9"]
[EventType "swiss"]
[EventDate "2017.06.03"]

1. d4 Nf6 2. Nf3 g6 3. Bf4 Bg7 4. e3 d6 5. Be2 O-O 6. h3 b6 7. Nbd2 Bb7 8. O-O
Ne4 9. c3 Nd7 10. Qc2 Ndf6 11. Bd3 Nxd2 12. Nxd2 c5 13. Ne4 Qc8 14. Nxf6+ Bxf6
15. Be4 e5 16. dxe5 dxe5 17. Bg3 Rd8 18. Rad1 Qc7 19. f4 exf4 20. exf4 Qe7 21.
Rxd8+ Rxd8 22. Re1 Bxe4 23. Rxe4 Qd6 24. Re2 b5 25. Kh2 a5 26. f5 Qd7 27. fxg6
hxg6 28. Qe4 Kf8 29. Qe3 Qc6 30. Qf4 Rd1 31. Bh4 Bxh4 32. Qxh4 Kg7 33. Qg3 Qf6
34. Rf2 Qd6 35. h4 Rh1+ 0-1

[Event "ODJM A 2017"]
[Site "Willingen GER"]
[Date "2017.06.05"]
[Round "3"]
[White "Unbehend, Marius"]
[Black "Nimptsch, Nikolas"]
[Result "1/2-1/2"]
[Termination "normal"]
[Board "79"]
[WhiteElo "1391"]
[BlackElo "1536"]
[PlyCount "168"]
[WhiteFideId "16214420"]
[BlackFideId "16245334"]
[EventCountry "GER"]
[EventRounds "9"]
[EventType "swiss"]
[EventDate "2017.06.03"]

1. e4 d5 2. exd5 Nf6 3. Bb5+ Bd7 4. Bc4 c6 5. dxc6 Nxc6 6. Nc3 e5 7. Nge2 Qc7
8. d3 a6 9. Ng3 Rc8 10. a4 Na5 11. Ba2 Bb4 12. Nge2 O-O 13. Bg5 Nh5 14. O-O Bc6
15. Bd5 Qd6 16. Bxc6 Nxc6 17. Ne4 Qg6 18. Bd2 Be7 19. N2c3 Rcd8 20. Be3 f5 21.
Nd2 f4 22. Bb6 Rd7 23. a5 Bb4 24. Nce4 Bxd2 25. Nxd2 Rdf7 26. f3 Nf6 27. Bc5
Rd8 28. Nc4 Nd5 29. Qe2 Rf5 30. Rae1 Rg5 31. Rf2 Qf6 32. Qe4 Qe6 33. Qe2 Nc7
34. Bb6 Rd7 35. Bxc7 Rxc7 36. c3 Kf7 37. Qe4 g6 38. b4 Kf6 39. Rd1 Ne7 40. Re2
Rd7 41. Nb6 Rc7 42. Nc4 Nd5 43. Rc1 Rf5 44. Rd2 g5 45. h3 h5 46. Kh2 Kg6 47.
Re2 Nf6 48. Nxe5+ Kg7 49. Qd4 Rd7 50. Qb6 Qe7 51. Rce1 Rd6 52. Nc6 Qf8 53.
Qxb7+ Kh6 54. Qb8 Nd7 55. Qxf8+ Rxf8 56. Re6+ Rxe6 57. Rxe6+ Nf6 58. Nd4 Kg7
59. Rxa6 Re8 60. Re6 Rd8 61. a6 Rc8 62. Rc6 Re8 63. a7 h4 64. Rb6 Nh5 65. Ne6+
Kf7 66. Nxg5+ Kg7 67. Ne4 Ra8 68. d4 Rxa7 69. d5 Ra1 70. Rb7+ Kg6 71. Rb6+ Kf7
72. Rb7+ Kg6 73. Rb6+ Kf7 74. Rb7+ Ke8 75. Nd6+ Kd8 76. Nf7+ Kc8 77. Nd6+ Kd8
78. Nf7+ Ke8 79. Nd6+ Kd8 80. Nf7+ Kc8 81. Nd6+ Kd8 82. Nf7+ Kc8 83. Nd6+ Kd8
84. Nf7+ Kc8 1/2-1/2

[Event "ODJM A 2017"]
[Site "Willingen GER"]
[Date "2017.06.05"]
[Round "3"]
[White "Werner, Tom"]
[Black "Khanbekyan, Areg"]
[Result "0-1"]
[Termination "normal"]
[Board "80"]
[WhiteElo "1593"]
[BlackElo "1647"]
[PlyCount "84"]
[WhiteFideId "16223756"]
[BlackFideId "12993727"]
[EventCountry "GER"]
[EventRounds "9"]
[EventType "swiss"]
[EventDate "2017.06.03"]

1. c4 e5 2. Nc3 Nf6 3. Nf3 Nc6 4. g3 d5 5. cxd5 Nxd5 6. Bg2 Be6 7. d3 Be7 8.
O-O O-O 9. a3 f5 10. Qc2 Nb6 11. b4 Nd4 12. Qd1 Bb3 13. Qd2 Bf6 14. Qb2 Be6 15.
Nxd4 exd4 16. Nd1 Bd5 17. Qc2 Bxg2 18. Kxg2 Qd5+ 19. Kg1 Rac8 20. Qa2 Rfe8 21.
Re1 c5 22. Qxd5+ Nxd5 23. Nb2 Nc3 24. Kf1 b5 25. e3 dxe3 26. Bxe3 Bd4 27. Bxd4
cxd4 28. Rxe8+ Rxe8 29. Re1 Kf8 30. Rxe8+ Kxe8 31. Kg2 Ke7 32. f4 h6 33. Kf3
Kf6 34. g4 g6 35. h4 fxg4+ 36. Kxg4 a6 37. Kf3 Kf5 38. Kg3 Ne2+ 39. Kf3 Nxf4
40. Kg3 g5 41. a4 bxa4 42. Nxa4 Nxd3 0-1